000 00983nam a2200229Ia 4500
999 _c37669
_d37669
001 3641
003 GE_BSU
005 20190521181156.0
008 181216s1960|||| |||||||||||||| ||geo||
040 _cGE_BSU
041 _ageo
080 _a53(075.8) მ–70
100 _aმირცხულავა,ი.ა.
_91471
245 _aზოგადი ფიზიკის სახელმძვანელო: მექანიკა და მოლეკულური ფიზიკა /
_cი.ა. მირცხულავა ; რედ : ა. იშხნელი.
250 _aმეორე შევს.და შესწ.გამოც.
264 _aთბილისი :
_bუნ–ტის გამ–ბა,
_c1960.
300 _a582 გვ .:
_c22 სმ.
653 _aზოგადი ფიზიკა
653 _aფიზიკა
700 _aა.იშხნელი.
_eრედაქტორი
_91472
942 _cBK
_2udc